000
00258nam a22001097a 4500
008
170113b xxu||||| |||| 00| 0 eng d
020
_a
9780803620988
041
_a
eng
080
_a
618.2
245
_a
FUNDAMENTALS OF NURSING
_c
WILKINSON. J.M
942
_2
udc
_c
BK
999
_c
2903
_d
2903